Solar and galactic composition (Record no. 14789)

MARC details
000 -LEADER
fixed length control field 00820nam a2200217Ia 4500
003 - CONTROL NUMBER IDENTIFIER
control field IN-BaIIA
008 - FIXED-LENGTH DATA ELEMENTS--GENERAL INFORMATION
fixed length control field 211028s9999 xx 000 0 eng d
020 ## - INTERNATIONAL STANDARD BOOK NUMBER
International Standard Book Number 0-7354-0042-3
040 ## - CATALOGING SOURCE
Transcribing agency IIA Library
080 ## - UNIVERSAL DECIMAL CLASSIFICATION NUMBER
Universal Decimal Classification number 523.7
Item number SOL
111 ## - MAIN ENTRY--MEETING NAME
Meeting name or jurisdiction name as entry element A Joint SOHO/ACE Workshop
Location of meeting Bern, Switzerland
Date of meeting or treaty signing 2001 Mar. 6-9
9 (RLIN) 26586
245 #0 - TITLE STATEMENT
Title Solar and galactic composition
Remainder of title proceedings of a joint SOHO/ACE workshop held in Bern, Switzerland, March 6-9, 2001
Statement of responsibility, etc. edited by R. F. Wimmer-Schweingruber
260 ## - PUBLICATION, DISTRIBUTION, ETC.
Place of publication, distribution, etc. Melville
Name of publisher, distributor, etc. American Institute of Physics
Date of publication, distribution, etc. 2001
300 ## - PHYSICAL DESCRIPTION
Extent xiii, 423p.
490 ## - SERIES STATEMENT
Series statement AIP conference proceedings; v. 598
650 ## - SUBJECT ADDED ENTRY--TOPICAL TERM
Topical term or geographic name entry element Cosmochemistry
9 (RLIN) 1212
650 ## - SUBJECT ADDED ENTRY--TOPICAL TERM
Topical term or geographic name entry element Energetic particle composition
9 (RLIN) 26587
650 ## - SUBJECT ADDED ENTRY--TOPICAL TERM
Topical term or geographic name entry element Solar wind composition
9 (RLIN) 26588
700 ## - ADDED ENTRY--PERSONAL NAME
Personal name Wimmer-Schweingruber, R. F., ed.
9 (RLIN) 26589
942 ## - ADDED ENTRY ELEMENTS (KOHA)
Koha item type Books
Holdings
Withdrawn status Lost status Damaged status Not for loan Home library Current library Shelving location Date acquired Source of acquisition Cost, normal purchase price Total Checkouts Full call number Barcode Date last seen Cost, replacement price Price effective from Koha item type Purchase Price
        IIA Library-Bangalore IIA Library-Bangalore General Stacks 25/09/2002 ANJ 11518.70   523.7/ SOL 15711 05/11/2021 11518.70 25/09/2002 Books Rs. 11518.70

Powered by Koha